| 000 | 00601nam a22001817a 4500 | ||
|---|---|---|---|
| 005 | 20251108171015.0 | ||
| 008 | 250721s1985 xx 000 0 ara d | ||
| 082 | 1 | 4 | _a818.02/عطا |
| 100 | 1 | _aإبن عطاء الله الإسكندري، تاج الدين أبو الفضل | |
| 245 | 1 | 0 | _aالحكم العطائية / |
| 250 | _aط2 | ||
| 264 | 1 |
_aدمشق : _bالمجمع العربي للتأليف و الدراسات و الترجمة، _c1985. |
|
| 300 | _a94ص | ||
| 650 | 1 | 7 | _aالحكم و الامثال |
| 650 | 1 | 7 | _aالأدب العربي |
| 942 |
_2ddc _cBK |
||
| 999 |
_c54242 _d54242 |
||